Statistics for Bible Story Time

Click here to take the quiz!

General Stats

  • This quiz has been taken 620 times
  • The average score is 19 of 29

Answer Stats

HintAnswer% Correct
The Nativity / Birth of JesusMatthew / Luke
99%
The CrucifixionMatthew / Mark / Luke / John
89%
"The Lord is my Shepherd..."Psalms
83%
Jesus raises Lazarus from the dead.John
82%
Jonah and the WhaleJonah
81%
Adam and EveGenesis
78%
Noah and the ArkGenesis
78%
The Last SupperMatthew / Mark / Luke
75%
The Battle of JerichoJoshua
75%
The Ten CommandmentsExodus
74%
Describes the ApocalypseRevelation
73%
Daniel and Lion's DenDaniel
73%
Last, who wrote the first 5 books, or the "Torah"?Moses
70%
The Good SamaritanLuke
69%
Story of Joseph (son of Jacob)Genesis
67%
Solomon builds a Temple1 Kings
64%
David vs. Goliath1 Samuel
64%
Moses dies and Joshua takes overDeuteronomy
64%
Day of PentecostActs
63%
The wedding at CanaJohn
60%
David and Bathsheba2 Samuel
55%
Samson and DelilahJudges
55%
The Trials and Blessings of a manJob
51%
The Writing on the WallDaniel
47%
Crossing the JordanJoshua
47%
Rebuilding the TempleEzra
42%
Paul wrote this Epistle to the Christians in PalenstineHebrews
39%
Also an Epistle written by St Paul; named for a noble citizen of ColossaPhilemon
36%
Balaam's DonkeyNumbers
35%

Score Distribution

Percentile by Number Answered

Percent of People with Each Score

Your Score History

You have not taken this quiz